000 00638nam a2200241Ia 4500
005 20260121112811.0
008 8894 260114s9999 xx 000 0 eng d
020 _a9789812777805
037 _aEBOOK
040 _aCRL
_beng
_cCRL
041 _aeng
_2eng
084 _qCRL
100 _aBoebinger G Et Al
_9963411
245 0 _aPhysical Phenomena At High Magnetic Fields - Iv
260 _bWorld Scientific
260 _bWSPC
260 _c2002
650 _aPhysics
_9963412
856 _uhttps://www.worldscientific.com/worldscibooks/10.1142/4915#t=toc
942 _cEBOOK
999 _c1546194
_d1546194